000 00489nam a2200169Ia 4500
003 GCL
008 140319s9999 xx 000 0 ara d
040 _aGCL /
_cGCL
082 0 4 _aط
_b813.087
_bخ ط
100 1 _aخضير عبدالامير
245 1 0 _aالطير الساحرى /
_cخضير عبدالامير
490 _aحكايات شعبية
_v0
650 0 4 _aالاطفال
650 0 4 _aقصص الاطفال
650 0 4 _aالحكايات الشعبية
942 _2ddc
_cBK
999 _c51419
_d51419